Una reconsideración sobre la laca de exportación "Maquie Roman" / (Record no. 10850)
[ view plain ]
| 000 -CABECERA | |
|---|---|
| campo de control de longitud fija | 01709nam a22003137a 4500 |
| 001 - NÚMERO DE CONTROL | |
| campo de control | BRCA_9231 |
| 003 - IDENTIFICADOR DEL NÚMERO DE CONTROL | |
| campo de control | FranzMayer |
| 005 - FECHA Y HORA DE LA ÚLTIMA TRANSACCIÓN | |
| campo de control | 20220921134721.0 |
| 008 - DATOS DE LONGITUD FIJA--INFORMACIÓN GENERAL | |
| campo de control de longitud fija | 220913b |||||||| |||| 00| 0 eng d |
| 020 ## - NÚMERO INTERNACIONAL ESTÁNDAR DEL LIBRO | |
| Número Internacional Estándar del Libro | 9784022914729 |
| 040 ## - FUENTE DE LA CATALOGACIÓN | |
| Lengua de catalogación | spa |
| Centro/agencia transcriptor | MFM |
| 041 1# - CÓDIGO DE LENGUA | |
| Código de lengua del texto/banda sonora o título independiente | spa |
| -- | jpn |
| 050 ## - SIGNATURA TOPOGRÁFICA DE LA BIBLIOTECA DEL CONGRESO | |
| Número de clasificación | NK9900.7.J |
| Número de documento/Ítem | K39 2018 |
| 245 1# - MENCIÓN DE TÍTULO | |
| Título | Una reconsideración sobre la laca de exportación "Maquie Roman" / |
| Mención de responsabilidad, etc. | Yayoi Kawamura y Teresa Canepa |
| 260 ## - PUBLICACIÓN, DISTRIBUCIÓN, ETC. | |
| Lugar de publicación, distribución, etc. | Tokio, Japón : |
| Nombre del editor, distribuidor, etc. | Asahi Shimbun, |
| Fecha de publicación, distribución, etc. | 2018 |
| 300 ## - DESCRIPCIÓN FÍSICA | |
| Extensión | 11 pp. : |
| Otras características físicas | il. fot. ; |
| Dimensiones | 21 x 29.5 cm. |
| 310 ## - PERIODICIDAD ACTUAL | |
| Periodicidad actual | Mensual |
| 440 ## - MENCIÓN DE SERIE/PUNTO DE ACCESO ADICIONAL--TÍTULO | |
| Título | Kokka |
| 9 (RLIN) | 28557 |
| Designación de volumen o secuencia | 1472 |
| 500 ## - NOTA GENERAL | |
| Nota general | Ubicación: Librero de engargolados - Nivel 2 |
| 500 ## - NOTA GENERAL | |
| Nota general | Ejemplares engargolados |
| 500 ## - NOTA GENERAL | |
| Nota general | Revista editada con formato de libro |
| 500 ## - NOTA GENERAL | |
| Nota general | Artículo de la revista Kokka, n° 1472, junio 2018, Tokio (Japón), pp. 38-45 |
| 520 ## - SUMARIO, ETC. | |
| Sumario, etc. | Desde el inicio de este siglo, están avanzando los estudios sobre la laca japonesa de exportación del periodo Momoyama y del Edo inicial tanto dentro como fuera de Japón. Gracias a la publicación de numerosos datos, se considera que se está en condiciones de entender la realidad de la laca de exportación.Entre varios centenares de piezas localizadas de la laca de exportación de dicho periodo, se conoce la existencia de unas piezas, pocas, con inscripciones de dos tipos en alfabeto latino: por un lado la inscripción "Morocava Luis" o simplemente "Luis" y por otro lado, la frase "Maquie Roman". - Proporcionado por las autoras. |
| 650 ## - PUNTO DE ACCESO ADICIONAL DE MATERIA--TÉRMINO DE MATERIA | |
| Término de materia o nombre geográfico como elemento de entrada | Lacas |
| Subdivisión general | Exportación |
| Subdivisión geográfica | Japón |
| 9 (RLIN) | 28558 |
| 650 ## - PUNTO DE ACCESO ADICIONAL DE MATERIA--TÉRMINO DE MATERIA | |
| Término de materia o nombre geográfico como elemento de entrada | Lacas |
| Subdivisión general | Inscripciones |
| -- | Historia |
| 9 (RLIN) | 28559 |
| 700 ## - PUNTO DE ACCESO ADICIONAL--NOMBRE DE PERSONA | |
| Nombre de persona | Kawamura, Yayoi |
| Término indicativo de función/relación | trad. |
| 9 (RLIN) | 28560 |
| 942 ## - ELEMENTOS DE PUNTO DE ACCESO ADICIONAL (KOHA) | |
| Fuente del sistema de clasificación o colocación | Library of Congress Classification |
| Tipo de ítem Koha | Libros |
| Estado de retiro | Estado de pérdida | Fuente del sistema de clasificación o colocación | Estado dañado | No para préstamo | Localización permanente | Ubicación/localización actual | Fecha de adquisición | Signatura topográfica completa | Código de barras | Fecha visto por última vez | Precio válido a partir de | Tipo de ítem Koha |
|---|---|---|---|---|---|---|---|---|---|---|---|---|
| El ejemplar forma parte de la colección y puede ser consultado según las políticas vigentes. | Library of Congress Classification | Biblioteca del Museo Franz Mayer (Rogerio Casas-Alatriste) | Biblioteca del Museo Franz Mayer (Rogerio Casas-Alatriste) | 13/09/2022 | NK9900.7.J K39 2018 | CONT10019 | 13/09/2022 | 13/09/2022 | Libros | |||
| El ejemplar forma parte de la colección y puede ser consultado según las políticas vigentes. | Library of Congress Classification | Biblioteca del Museo Franz Mayer (Rogerio Casas-Alatriste) | Biblioteca del Museo Franz Mayer (Rogerio Casas-Alatriste) | 13/09/2022 | NK9900.7.J K39 2018 | CONT10020 | 13/09/2022 | 13/09/2022 | Libros |